Statistics for David Guetta Charting Songs (Billboard Hot 100)

Click here to take the quiz!

General Stats

  • This quiz has been taken 50 times
  • The average score is 10 of 21

Answer Stats

AlbumWeeks OnPeakArtist(s)Song% Correct
Nothing but the Beat33 Weeks#7David Guetta ft. SiaTitanium
97%
Listen24 Weeks#8David Guetta ft. Nicki Minaj, Bebe Rexha & AfrojackHey Mama
79%
Nothing but the Beat30 Weeks#4David Guetta ft. UsherWithout You
68%
One Love`40 Weeks#5David Guetta ft. AkonSexy Chick
61%
Nothing but the Beat20 Weeks#14David Guetta ft. Flo Rida & Nicki MinajWhere Them Girls At
58%
Nothing but the Beat27 Weeks#4David Guetta ft. Nicki MinajTurn Me On
58%
One Love18 Weeks#46David Guetta ft. Kid CudiMemories
55%
Non-Album Single11 Weeks#16David Guetta ft. Justin Bieber2U
53%
Listen15 Weeks#56David Guetta ft. Sam MartinDangerous
50%
Nothing but the Beat9 Weeks#64David Guetta ft. Ne-Yo & AkonPlay Hard
50%
One Love20 Weeks#31David Guetta & Chris Willis ft. Fergie & LMFAOGettin Over You
47%
One Love9 Weeks#51David Guetta ft. RihannaWho's That Chick?
47%
One Love9 Weeks#76David Guetta ft. Kelly RowlandWhen Love Takes Over
47%
Only One Flo (Part 1)29 Weeks#9Flo Rida ft. David GuettaClub Can't Handle Me
45%
Listen Again6 Weeks#76David Guetta ft. Sia & Fetty WapBang My Head
34%
Nothing but the Beat1 Week#70David Guetta ft. Taio Cruz & LudacrisLittle Bad Girl
32%
Nothing but the Beat14 Weeks#44David Guetta ft. Chris Brown & Lil WayneI Can Only Imagine
29%
Pop Life1 Week#98David Guetta & Chris WillisLove Is Gone
29%
Nothing but the Beat1 Week#81David Guetta ft. Jennifer HudsonNight Of Your Life
21%
Unapologetic9 Weeks#50Rihanna ft. David GuettaRight Now
18%
Fast and Furious 6 (Original Motion Picture Soundtrack10 Weeks#72Ludacris ft. David Guetta & UsherRest of my Life
16%

Score Distribution

Percentile by Number Answered

Percent of People with Each Score

Your Score History

You have not taken this quiz